| 000 | 00348nam a2200145Ia 4500 | ||
|---|---|---|---|
| 008 | 191201s2009 xx 000 0 und d | ||
| 082 |
_a005.133 _bPAE |
||
| 100 | _aPATEL, R.B. | ||
| 245 | 0 | _aExpert Data Structures with C | |
| 250 | _aRep | ||
| 260 |
_aN.Delhi _bKhanna Publisher _c2009 |
||
| 300 | _a715 | ||
| 650 | _aB.Tech(IT) | ||
| 942 |
_2ddc _cBK |
||
| 999 |
_c4181 _d4181 |
||